[Event "chess.com SpeedChess 2022"]
[Site "chess.com INT"]
[Date "2022.12.08"]
[Round "1.21"]
[White "Paravyan,D"]
[Black "Nakamura,Hi"]
[Result "0-1"]
[WhiteElo "2586"]
[BlackElo "2768"]

1.e4 d5 2.exd5 Qxd5 3.Nc3 Qa5 4.d4 c6 5.Nf3 Nf6 6.Bc4 Bf5 7.Bd2 e6 8.Nd5 Qd8
9.Nxf6+ gxf6 10.c3 Nd7 11.Nh4 Bg6 12.Qe2 Qc7 13.O-O-O O-O-O 14.f4 f5 15.Bb3 Bd6
16.g3 Nf6 17.Kb1 Bh5 18.Nf3 c5 19.dxc5 Bxc5 20.Bc1 Qc6 21.Rhf1 Ne4 22.Qc4 b5
23.Qe2 Nf2 24.Rxd8+ Rxd8 25.Be3 Qe4+ 26.Bc2 Qxe3 27.Rxf2 Qxf2 28.Qxb5 Bxf3  0-1

[Event "chess.com SpeedChess 2022"]
[Site "chess.com INT"]
[Date "2022.12.08"]
[Round "1.19"]
[White "Nakamura,Hi"]
[Black "Paravyan,D"]
[Result "1-0"]
[WhiteElo "2768"]
[BlackElo "2586"]

1.h3 Nf6 2.g4 d5 3.g5 Nfd7 4.Bg2 c6 5.d3 e5 6.e4 dxe4 7.dxe4 Be7 8.h4 Na6
9.Be3 Bc5 10.Bxc5 Naxc5 11.Nc3 Qb6 12.b3 Nf8 13.Qf3 Nfe6 14.Qg3 Nf4 15.Nge2 Nce6
16.O-O-O Bd7 17.Bh3 Nxh3 18.Rxh3 Nf4 19.Rhh1 Nxe2+ 20.Nxe2 Qa5 21.Kb2 O-O-O
22.Nc1 Be6 23.Nd3 f6 24.gxf6 gxf6 25.Qg7 Rhf8 26.Qxh7 Rf7 27.Qg6 c5 28.Nxe5 Rff8
29.Rxd8+ Qxd8 30.Nf3 Rg8 31.Qh5 b6 32.Qh6 Bg4 33.Qe3 Bxf3 34.Qxf3 Qd4+ 35.Kb1 Re8
36.h5 Rxe4 37.h6 Rh4 38.Rxh4 Qxh4 39.Qa8+ Kc7 40.h7 Qxf2 41.Qxa7+ Kc6 42.Qa8+ Kc7
43.Qh1  1-0

[Event "chess.com SpeedChess 2022"]
[Site "chess.com INT"]
[Date "2022.12.08"]
[Round "1.18"]
[White "Paravyan,D"]
[Black "Nakamura,Hi"]
[Result "1-0"]
[WhiteElo "2586"]
[BlackElo "2768"]

1.e4 Nf6 2.e5 Nd5 3.d4 d6 4.c4 Nb6 5.f4 dxe5 6.fxe5 Bf5 7.Nc3 e6 8.Nf3 Nc6
9.Be2 Bb4 10.O-O O-O 11.c5 Bxc3 12.bxc3 Nd5 13.Qe1 b6 14.Bb5 Na5 15.Bg5 Ne7
16.Qh4  1-0

[Event "chess.com SpeedChess 2022"]
[Site "chess.com INT"]
[Date "2022.12.08"]
[Round "1.17"]
[White "Nakamura,Hi"]
[Black "Paravyan,D"]
[Result "1/2-1/2"]
[WhiteElo "2768"]
[BlackElo "2586"]

1.b4 e5 2.Bb2 Bxb4 3.Bxe5 Nf6 4.e3 O-O 5.c3 Be7 6.g3 d5 7.Bg2 c5 8.Bxf6 Bxf6
9.d4 Nc6 10.Ne2 Bg4 11.O-O Re8 12.dxc5 d4 13.f3 Be6 14.Nxd4 Bc4 15.Nxc6 bxc6
16.Qxd8 Raxd8 17.Re1 Be7 18.Na3 Bd3 19.Rac1 Bxc5 20.Nc2 Bxc2 21.Rxc2 Rxe3
22.Rxe3 Bxe3+ 23.Kf1 Rd2 24.Rxd2 Bxd2 25.c4 c5 26.Ke2 Bc3 27.f4 f5 28.Bd5+ Kf8
29.Kf3 g6 30.h3 h5 31.Kg2 Kg7 32.Kf3 Kf6 33.Bc6 Be1 34.Be8 Bc3 35.Kf2 Bd2
36.Ke2 Bc1 37.Kf3 Bd2 38.Ba4 Be1 39.Bd1 Kg7 40.Be2 Kf6 41.Bf1 Kg7 42.Bd3 Kf6
43.Bc2 Kg7 44.Bb1 Kf6 45.Bc2 Kg7 46.Ba4 Kf6 47.Bc6 Kg7 48.Bb7 Kf6 49.Ba8 Kg7
50.a3 Kf6 51.Bb7 Bc3 52.Bc6 Bb2 53.a4 a5 54.Bb5 Bc3 55.Ba6 Be1 56.Bb7 Bc3
57.Bc6 Bd4 58.Bd7 Bc3 59.Be8 Bb4 60.Kg2 Bd2 61.Kf3 Bc1 62.Bb5 Bd2 63.Ba6 Bc1
64.Bb7 Kg7 65.g4 fxg4+ 66.hxg4 hxg4+ 67.Kxg4 Kf6 68.Be4 Bd2 69.Bd3 Bc1 70.Be2 Bd2
71.Bf3 Bc1 72.Bh1 Bd2 73.Bg2 Bc1 74.Bb7 Bd2 75.Ba8 Bc1 76.Bc6 Bd2 77.Bb5 Bc1
78.Kf3 g5 79.fxg5+ Kxg5 80.Ke4 Ba3 81.Kd5 Bb4 82.Kc6 Kf4 83.Kb7 Ke3 84.Ka8 Kd2
85.Kb8 Kc2 86.Kc8 Kb2 87.Kd7 Kc3 88.Ke8 Kd4 89.Kf7 Ke3 90.Kg8 Kf4 91.Kh7 Kf3
92.Kg6 Kg3 93.Kh5 Kf4 94.Kh4 Ke3 95.Kh3 Kd4 96.Kg2 Kd3 97.Kf3 Kd4 98.Ke2 Ke4
99.Kd1 Kd3 100.Ba6 Kd4 101.Kc2 Ke5 102.Kb3 Kf5 103.Bc8+ Kg5 104.Bh3 Kf4 105.Bg2 Ke3
106.Bh1 Kd4 107.Bc6 Ke3 108.Bb7 Kf4 109.Bd5 Ke5 110.Bg8 Kd4 111.Bh7 Ke3 112.Bc2 Kf4
113.Bb1 Ke5 114.Bg6 Kd6 115.Kc2 Ke7 116.Kd3 Kf6 117.Bh5 Kg5 118.Be8 Kf4 119.Bc6 Kg3
120.Ke4 Kf2 121.Kd5 Ke3 122.Bb5 Kf4 123.Ke6 Kg5 124.Ke5 Kh6 125.Kf6 Kh5 126.Kf5 Kh4
127.Kf4 Kh5 128.Ke4 Kg5 129.Kd5 Kf4  1/2-1/2

[Event "chess.com SpeedChess 2022"]
[Site "chess.com INT"]
[Date "2022.12.08"]
[Round "1.16"]
[White "Paravyan,D"]
[Black "Nakamura,Hi"]
[Result "0-1"]
[WhiteElo "2586"]
[BlackElo "2768"]

1.e4 e6 2.d4 d5 3.Nc3 Nf6 4.Bg5 Bb4 5.e5 h6 6.Bd2 Bxc3 7.Bxc3 Ne4 8.Bd2 c5
9.Be3 cxd4 10.Bxd4 Nc6 11.f3 Ng5 12.h4 Nh7 13.f4 h5 14.Bf2 Nf8 15.Nf3 Ng6
16.Qd2 Qa5 17.Qxa5 Nxa5 18.g3 Ne7 19.Nd4 Bd7 20.O-O-O a6 21.b3 Rc8 22.Kb2 Nac6
23.Nf3 Nf5 24.Bd3 Nce7 25.a4 f6 26.Rhe1 Kf7 27.Rd2 b5 28.a5 Rh6 29.Ka3 Rhh8
30.Rg1 Nh6 31.Bb6 Ng4 32.Re2 Nc6 33.Rge1 Rhe8 34.c3 fxe5 35.fxe5 Ne7 36.Bd4 Rf8
37.Ng5+ Kg8 38.Rc2 Nf5 39.Bxf5 Rxf5 40.Rec1 Nxe5 41.Re2 b4+ 42.Ka2 Nc6 43.Rce1 bxc3
44.Bxc3 d4 45.Bb2 Rxa5+ 46.Kb1 e5 47.Rf2 Be8 48.Bc1 Bg6+ 49.Ne4 Nb4 50.Bd2 Nd3
51.Bxa5 Nxf2  0-1

[Event "chess.com SpeedChess 2022"]
[Site "chess.com INT"]
[Date "2022.12.08"]
[Round "1.15"]
[White "Nakamura,Hi"]
[Black "Paravyan,D"]
[Result "1-0"]
[WhiteElo "2768"]
[BlackElo "2586"]

1.h3 e5 2.c4 Nf6 3.Nc3 Nc6 4.g4 h6 5.Bg2 Bc5 6.e3 d6 7.Nge2 a6 8.b3 Ba7 9.Ba3 Ne7
10.Qc2 Ng6 11.Rg1 Rb8 12.Ne4 Be6 13.N2g3 Nh4 14.Bh1 Nxe4 15.Bxe4 g6 16.Bb2 O-O
17.f4 exf4 18.Nh5 f6 19.Nxf4 Bf7 20.O-O-O g5 21.Nd5 Bxd5 22.Bxd5+ Kg7 23.Rgf1 c6
24.Bh1 d5 25.c5 b6 26.Rxf6 Rxf6 27.Rf1 d4 28.Rxf6 Kxf6 29.Bxd4+ Kf7 30.Qh7+ Ke8
31.Bxc6+  1-0

[Event "chess.com SpeedChess 2022"]
[Site "chess.com INT"]
[Date "2022.12.08"]
[Round "1.14"]
[White "Paravyan,D"]
[Black "Nakamura,Hi"]
[Result "0-1"]
[WhiteElo "2586"]
[BlackElo "2768"]

1.e4 c5 2.Nf3 e6 3.d4 cxd4 4.Nxd4 a6 5.c3 Qc7 6.Bd3 Nf6 7.O-O d5 8.exd5 Nxd5
9.Re1 Be7 10.Qh5 Nf4 11.Bxf4 Qxf4 12.Nxe6 Bxe6 13.Rxe6 Qc1+ 14.Bf1 Nc6 15.Re3 Qxb2
16.Qd5 Qxa1 17.Qb3 O-O 18.Re1 Bf6 19.Rd1 Rad8 20.Nd2 Qxc3  0-1

[Event "chess.com SpeedChess 2022"]
[Site "chess.com INT"]
[Date "2022.12.12"]
[Round "2.17"]
[White "Nakamura,Hi"]
[Black "Aronian,L"]
[Result "1-0"]
[WhiteElo "2768"]
[BlackElo "2735"]

1.d4 d5 2.Nf3 Nf6 3.e3 c5 4.dxc5 e6 5.a3 Bxc5 6.Nbd2 O-O 7.b4 Be7 8.c4 a5
9.b5 b6 10.Bb2 Bb7 11.Be2 Nbd7 12.O-O Rc8 13.Rc1 Rc5 14.a4 Rc7 15.Nd4 Nc5
16.N2f3 dxc4 17.Ne5 Qa8 18.Ndc6 Nd5 19.Rxc4 f6 20.Bg4 fxe5 21.Rxc5 Nxe3 22.Nxe7+ Rxe7
23.Qd6 Qd8 24.Bxe6+ Kh8 25.Qxd8 Rxd8 26.fxe3 bxc5 27.Bc4 h6 28.Bc3 Be4 29.Rc1 Red7
30.Be2 Kh7 31.h4 c4 32.h5 Bd3 33.Bf3 Rf7 34.Bxe5 Re8 35.Bd4 g5 36.hxg6+ Kxg6
37.Kf2 h5 38.Kg3 Kg5 39.Rh1 c3 40.Rxh5+ Kg6 41.Rc5 c2 42.Bh5+ Kh7 43.Bxf7 Rf8
44.Rh5+  1-0

[Event "chess.com SpeedChess 2022"]
[Site "chess.com INT"]
[Date "2022.12.12"]
[Round "2.13"]
[White "Nakamura,Hi"]
[Black "Aronian,L"]
[Result "0-1"]
[WhiteElo "2768"]
[BlackElo "2735"]

1.Nf3 Nf6 2.b4 e5 3.Nxe5 Bxb4 4.Bb2 O-O 5.g3 d5 6.Bg2 Re8 7.O-O Bd6 8.Nf3 Bg4
9.h3 Bh5 10.d3 Nbd7 11.Nbd2 c6 12.c4 Qe7 13.e3 Nc5 14.Bxf6 Qxf6 15.cxd5 Nxd3
16.dxc6 bxc6 17.Qa4 Bb4 18.Rab1 a5 19.a3 Nc5 20.Qd1 Bxd2 21.g4 Bg6 22.Nxd2 Bxb1
23.Qxb1 Qc3 24.Qc1 Qxc1 25.Rxc1 Nd3 26.Rc3 Ne5 27.Nb3 Red8 28.Nd4 Rac8 29.Rc5 Nd3
30.Rxc6 g6 31.Rxc8 Rxc8 32.Nc6 Kg7 33.Nxa5 Rc3 34.a4 Nb2 35.Bc6 Ra3 36.Kg2 Nxa4
37.Nc4 Ra2 38.Bxa4 Rxa4 39.Ne5 Kf6 40.Nf3 h6 41.Kg3 Ke6 42.Kg2 Kd5 43.Nd2 Ra2
44.Nf1 Ke4 45.Ng3+ Kd3 46.h4 Kd2 47.g5 h5 48.Ne4+ Ke1 49.Kg3 Kf1 50.f3 Ra6
51.Nc5 Rd6 52.e4 Ke2 53.Kf4 Kf2 54.e5 Rd4+ 55.Ne4+ Ke2 56.e6 fxe6 57.Ke5 Rd3
58.Kf6 Kxf3 59.Nc5 Rd4 60.Kxg6 e5 61.Kxh5 e4 62.Nxe4 Kxe4 63.g6 Kf5 64.g7 Rg4
65.Kh6 Rxh4+  0-1

[Event "chess.com SpeedChess 2022"]
[Site "chess.com INT"]
[Date "2022.12.12"]
[Round "2.16"]
[White "Aronian,L"]
[Black "Nakamura,Hi"]
[Result "1-0"]
[WhiteElo "2735"]
[BlackElo "2768"]

1.e4 e5 2.Bc4 Nf6 3.Nc3 Nxe4 4.Qh5 Nd6 5.Bb3 g6 6.Qxe5+ Qe7 7.d4 Nc6 8.Qxe7+ Bxe7
9.Nd5 Bd8 10.Bf4 Nxd4 11.O-O-O Nxb3+ 12.axb3 O-O 13.Nxc7 Bxc7 14.Bxd6 Bxd6
15.Rxd6 b6 16.Nf3 Re8 17.Re1 Rxe1+ 18.Nxe1 Kf8 19.g3 Ke7 20.Rd4 Bb7 21.c3 Re8
22.Nc2 Kd8 23.Ne3 Re4 24.Rxe4 Bxe4 25.Kd2 Ke7 26.b4 Ke6 27.Ke2 g5 28.f3 Bb1
29.Nc4 Kd5 30.Nd2 Bg6 31.Ke3 Bc2 32.f4 f6 33.Nf3 h6 34.Nd4 Bg6 35.b3 a6 36.c4+ Kd6
37.Kd2 Bh7 38.Kc3 Bg6 39.Ne2 Bh5 40.Nd4 Bg6 41.b5 a5 42.b4 a4 43.Nf3 Bf7
44.Nd2 Ke6 45.c5 bxc5 46.bxc5 Kd5 47.b6 Kc6 48.Ne4 Bd5 49.Nxf6 Bf3 50.Kb4 a3
51.Kxa3 Kxc5 52.Nxd7+ Kd4 53.Kb4 gxf4 54.gxf4 Ke3 55.f5  1-0

[Event "chess.com SpeedChess 2022"]
[Site "chess.com INT"]
[Date "2022.12.12"]
[Round "2.15"]
[White "Nakamura,Hi"]
[Black "Aronian,L"]
[Result "1-0"]
[WhiteElo "2768"]
[BlackElo "2735"]

1.d4 d5 2.Nf3 Nf6 3.e3 c5 4.dxc5 e6 5.c4 Bxc5 6.a3 O-O 7.b4 Be7 8.Bb2 dxc4
9.Qxd8 Rxd8 10.Bxc4 b6 11.Ke2 Bb7 12.Nbd2 Nbd7 13.Rhc1 Ne8 14.Nb3 Nd6 15.Bd3 f6
16.Nfd4 Ne5 17.Nxe6 Nxd3 18.Kxd3 Rd7 19.Ke2 Ba6+ 20.Ke1 Nc4 21.Bc3 Kf7 22.Nf4 Rc8
23.a4 Bb7 24.Kf1 Rdc7 25.Be1 Be4 26.Kg1 Ne5 27.Rxc7 Rxc7 28.Nd4 g5 29.Nfe2 Nd3
30.b5 Nxe1 31.Rxe1 Bb4 32.Ra1 Bd3 33.h4 gxh4 34.Nf4 Be4 35.Rd1 Bc5 36.Nde6 Re7
37.Nxc5 bxc5 38.f3 Bc2 39.Rc1 Bxa4 40.Rxc5 Rxe3 41.Kf2 Re7 42.Rh5 Kg7 43.Ne2 Re5
44.Rxh4 Bxb5 45.Nc3 Bd7 46.Rc4 Kf7 47.Rc7 Ke7 48.Rxa7 f5 49.Ne2 Kd6 50.Ra6+ Bc6
51.Nd4 Rc5 52.Ke3 Rc3+ 53.Kf4 Rc4 54.Rxc6+  1-0

[Event "chess.com SpeedChess 2022"]
[Site "chess.com INT"]
[Date "2022.12.12"]
[Round "2.21"]
[White "Nakamura,Hi"]
[Black "Aronian,L"]
[Result "1/2-1/2"]
[WhiteElo "2768"]
[BlackElo "2735"]

1.Nf3 Nf6 2.d4 g6 3.Nc3 d5 4.Bf4 Bg7 5.e3 O-O 6.Be2 Nh5 7.Bg5 c6 8.Nd2 Nf6
9.O-O Nbd7 10.e4 dxe4 11.Ndxe4 Nb6 12.Nc5 h6 13.Bc1 Ne8 14.Be3 Nd6 15.N3e4 Nf5
16.c3 Nxe3 17.fxe3 Nd5 18.Qc1 h5 19.Ng5 e5 20.h4 Qe7 21.Bc4 Bg4 22.Qd2 Bh6
23.Rae1 Bxg5 24.hxg5 e4 25.Bxd5 cxd5 26.Rf6 b6 27.Nb3 Rad8 28.Qf2 Rd6 29.Qf4 Rfd8
30.Rf1 Bf5 31.Rxd6 Qxd6 32.Qxd6 Rxd6 33.Nd2 Kg7 34.Kh2 f6 35.gxf6+ Rxf6 36.b3 Be6
37.Rxf6 Kxf6 38.c4 g5 39.b4 h4 40.c5 Bd7 41.Nb1 g4 42.g3 h3 43.Nc3 Ke6 44.b5 bxc5
45.dxc5 Ke5 46.c6 Bc8 47.Ne2 Kd6 48.Nd4 Kc5 49.Kg1 a6 50.a4 axb5 51.axb5 Kb6
52.Kh1 Kc5 53.Kh2 Kb6 54.Kh1 Kc5 55.Kg1 Kb6 56.Kh2 Kc5 57.Kh1 Kb6 58.Kh2 Kc5
59.Kh1 Kb6 60.Kh2  1/2-1/2

[Event "chess.com SpeedChess 2022"]
[Site "chess.com INT"]
[Date "2022.12.12"]
[Round "2.18"]
[White "Aronian,L"]
[Black "Nakamura,Hi"]
[Result "0-1"]
[WhiteElo "2735"]
[BlackElo "2768"]

1.d4 Nf6 2.c4 e6 3.Nf3 d5 4.Nc3 Be7 5.Bf4 O-O 6.e3 Nbd7 7.cxd5 Nxd5 8.Nxd5 exd5
9.Bd3 c5 10.O-O c4 11.Bc2 b5 12.e4 Nf6 13.e5 Ne4 14.Nd2 Nxd2 15.Qxd2 b4 16.Rfe1 a5
17.b3 Be6 18.Rad1 Rc8 19.bxc4 Rxc4 20.Qd3 g6 21.Bb3 Rc3 22.Qb5 Qa8 23.Bd2 Rb8
24.Qe2 a4 25.Bxc3 axb3 26.Bb2 bxa2 27.Rc1 b3 28.Rc7 Ba3 29.h4 Qa5 30.Rcc1 Bf5
31.e6 Bxe6 32.h5 Ra8 33.h6 Bf8 34.Qe3 Qb6 35.Rc3 Rb8 36.Rec1 Bf5 37.Rc6 Qd8
38.Qf4 Rb7 39.g4 Bc2 40.Re1 Re7 41.Re5 Qa8 42.Rxe7 Bxe7 43.Rc7 Qd8 44.Kg2 Qf8
45.Rd7 Bb4 46.Qe5 Qxh6 47.Rd8+ Bf8 48.Qe7 Be4+ 49.f3 Bxf3+ 50.Kxf3 Qh3+ 51.Kf2 Qh2+
52.Kf3 Qh3+ 53.Kf2 Qh2+ 54.Ke3 Qg1+ 55.Kd3 Qf1+ 56.Kc3 Qc4+ 57.Kd2 Qc2+ 58.Ke3 Qe4+
59.Qxe4 dxe4 60.d5 f5 61.d6 Kf7 62.d7 Bc5+ 63.Kf4 Ke7 64.Rc8 Bd6+ 65.Ke3 Kxd7
66.Ra8 Ke6 67.gxf5+ gxf5 68.Ra6 Kd5 69.Ra5+ Bc5+ 70.Kf4 Kc4 71.Ra8 e3 72.Kf3 Kd3
73.Rc8 Kc2 74.Bd4 Kd3 75.Bb2 Bb4 76.Rc7 h5  0-1

[Event "chess.com SpeedChess 2022"]
[Site "chess.com INT"]
[Date "2022.12.12"]
[Round "2.12"]
[White "Aronian,L"]
[Black "Nakamura,Hi"]
[Result "0-1"]
[WhiteElo "2735"]
[BlackElo "2768"]

1.c4 Nf6 2.Nc3 e5 3.Nf3 Nc6 4.d3 Bb4 5.Bd2 O-O 6.g3 Nd4 7.Bg2 Nxf3+ 8.Bxf3 a5
9.a3 Bc5 10.Rb1 c6 11.b4 Be7 12.O-O axb4 13.axb4 d5 14.cxd5 cxd5 15.Bg5 Be6
16.Bxf6 Bxf6 17.e4 d4 18.Nd5 Be7 19.Ra1 Rb8 20.Nxe7+ Qxe7 21.Bg4 Bxg4 22.Qxg4 Rbc8
23.Ra5 Rc3 24.Rd1 g6 25.h4 Re8 26.Rb5 Rb3 27.h5 Rxb4 28.Rd5 Qf6 29.Rd2 Kg7
30.Kg2 Kh6 31.Rc2 Qe6 32.Qxe6 Rxe6 33.Rc7 Rf6 34.Rxe5 Rb2 35.Kh3 Rfxf2 36.Ree7 Kxh5
37.g4+ Kg5 38.Rxf7 Rxf7 39.Rxf7 Rd2 40.Rxb7 Rxd3+ 41.Kg2 Kxg4 42.Rxh7 Rd2+
43.Kf1 Kf3 44.Rf7+ Kxe4 45.Rg7 Kf5 46.Rf7+ Kg5 47.Ke1 Rg2 48.Rc7 Rg4 49.Kf2 Rf4+
50.Kg3 Re4 51.Rc5+ Kf6 52.Rd5 Ke6 53.Rg5 d3 54.Kf3 d2 55.Kxe4 d1=Q 56.Rxg6+ Kf7
57.Rg5 Qe2+ 58.Kf4 Kf6 59.Rg3 Qc4+ 60.Kf3 Kf5 61.Kg2 Qe2+ 62.Kh3 Kf4 63.Rg1 Qh5+
64.Kg2 Qg4+ 65.Kh2 Qd7 66.Rf1+ Kg4 67.Rg1+ Kh4 68.Rg2 Qd6+ 69.Kg1 Kh3 70.Re2 Qd4+
71.Kf1 Kg3 72.Ke1 Kf3 73.Rc2 Qg7  0-1

[Event "chess.com SpeedChess 2022"]
[Site "chess.com INT"]
[Date "2022.12.12"]
[Round "2.11"]
[White "Nakamura,Hi"]
[Black "Aronian,L"]
[Result "1-0"]
[WhiteElo "2768"]
[BlackElo "2735"]

1.Nf3 d5 2.b3 c5 3.Bb2 Nc6 4.e3 Nf6 5.Bb5 Bd7 6.O-O e6 7.Bxc6 Bxc6 8.Ne5 Rc8
9.d3 Bd6 10.Nd2 O-O 11.f4 b5 12.Rf3 d4 13.Nxc6 Rxc6 14.exd4 Nd5 15.dxc5 Bxc5+
16.d4 Bd6 17.g3 Bb4 18.Ne4 Qc7 19.Rc1 Rc8 20.Rf2 Qa5 21.a3 Be7 22.b4 Qd8
23.Qd3 a5 24.bxa5 Qxa5 25.f5 exf5 26.Rxf5 Rd8 27.Qf3 Nf6 28.d5 Qb6+ 29.Kh1  1-0

[Event "chess.com SpeedChess 2022"]
[Site "chess.com INT"]
[Date "2022.12.12"]
[Round "2.23"]
[White "Nakamura,Hi"]
[Black "Aronian,L"]
[Result "1-0"]
[WhiteElo "2768"]
[BlackElo "2735"]

1.Nf3 Nf6 2.b3 d5 3.Bb2 Bg4 4.e3 Nbd7 5.Be2 e6 6.Ne5 Nxe5 7.Bxe5 Bd6 8.Bxd6 Bxe2
9.Qxe2 cxd6 10.c3 O-O 11.Na3 Ne4 12.O-O f5 13.f3 Nf6 14.Nc2 Rc8 15.a4 e5
16.f4 g6 17.Qd3 a5 18.Na3 Qb6 19.Nb5 Kg7 20.Kh1 Rfe8 21.Rab1 Re6 22.h3 h5
23.Kh2 Qc5 24.b4 Qc4 25.Qxc4 dxc4 26.bxa5 Ne4 27.Rb2 Nc5 28.Na3 Rc7 29.Rb6 Ne4
30.Nb5 Rd7 31.Rd1 Kf6 32.a6 bxa6 33.Rxa6 g5 34.fxg5+ Kxg5 35.Ra8 Rb7 36.Rg8+ Rg6
37.Rxg6+ Kxg6 38.Rb1 Nxd2 39.Rb4 Ne4 40.Rxc4 Kf6 41.Rc8 Ke6 42.c4 Kd7 43.Rh8 Rb6
44.Rh7+ Kd8 45.Rxh5 Ra6 46.Rh8+ Kd7 47.Rh7+ Kd8 48.Ra7 Rxa7 49.Nxa7 Kc7 50.h4 Kb6
51.Nc8+ Kc5 52.a5  1-0

[Event "chess.com SpeedChess 2022"]
[Site "chess.com INT"]
[Date "2022.12.12"]
[Round "2.24"]
[White "Aronian,L"]
[Black "Nakamura,Hi"]
[Result "1-0"]
[WhiteElo "2735"]
[BlackElo "2768"]

1.d4 Nf6 2.Nf3 d5 3.Bf4 Bf5 4.c4 e6 5.Qb3 Nc6 6.e3 Bb4+ 7.Nc3 O-O 8.Bg5 dxc4
9.Bxc4 Rb8 10.O-O Be7 11.Be2 h6 12.Bxf6 Bxf6 13.Rac1 Ne7 14.Qa3 a6 15.e4 Bg6
16.Rfd1 c6 17.h4 Nc8 18.d5 exd5 19.exd5 Be7 20.Qb3 c5 21.d6 Bxd6 22.Nd5 b5
23.Qc3 Re8 24.Bd3 Bxd3 25.Qxd3 Qd7 26.Rxc5 Rd8 27.Rc3 Nb6 28.Nxb6 Rxb6 29.Qe3 Rbb8
30.Rcd3 Qc7 31.g3 Be7 32.Kg2 Bf6 33.b3 Re8 34.Qd2 Rbd8 35.Rxd8 Rxd8 36.Qe2 Rc8
37.a4 bxa4 38.bxa4 Qc6 39.Qa2 Qe4 40.Re1 Qb7 41.Rb1 Qe4 42.Re1 Qb7 43.Rb1 Qc6
44.Rb4 h5 45.Qb3 Qa8 46.Rb7 Rf8 47.Qd5 Qd8 48.Qxh5 Qe8 49.Qa5 Qe4 50.Qxa6 Rd8
51.Rb3 Ra8 52.Qb5 Rxa4 53.Re3 Qc4 54.Re8+ Kh7 55.Qh5+  1-0

[Event "chess.com SpeedChess 2022"]
[Site "chess.com INT"]
[Date "2022.12.12"]
[Round "2.14"]
[White "Aronian,L"]
[Black "Nakamura,Hi"]
[Result "1/2-1/2"]
[WhiteElo "2735"]
[BlackElo "2768"]

1.e4 e5 2.Nc3 Nc6 3.Bc4 Nf6 4.d3 Bb4 5.Nf3 h6 6.O-O d6 7.Nd5 Nxd5 8.exd5 Ne7
9.c3 Bc5 10.d4 exd4 11.Nxd4 O-O 12.Be3 Bxd4 13.Bxd4 Nf5 14.Re1 Bd7 15.f3 Nxd4
16.Qxd4 Re8 17.Bd3 Qg5 18.h4 Qg3 19.Qf2 Qf4 20.g3 Qf6 21.Kg2 b6 22.Qd4 Qxd4
23.cxd4 a6 24.Rxe8+ Bxe8 25.Rc1 Ra7 26.g4 Kf8 27.g5 hxg5 28.hxg5 g6 29.f4 Bb5
30.Be4 Bd7 31.Kf3 Kg7 32.Bd3 Bc8 33.Re1 Bb7 34.Be4 Ra8 35.Rc1 Rc8 36.Kg3 f5
37.Bf3 Kf7 38.Kf2 Kg7 39.Ke3 Re8+ 40.Kd2 Re7 41.b4 Kg8 42.Re1 Rxe1 43.Kxe1 Kf7
44.Kd2 Ke7 45.Kc3 b5 46.a3 Kd7 47.Kd2 Kc8 48.Kc3 Kd8 49.Kd2 Ke7 50.Kc3 Kd8
51.Kd2 Ke7 52.Kc3  1/2-1/2

[Event "chess.com SpeedChess 2022"]
[Site "chess.com INT"]
[Date "2022.12.12"]
[Round "2.26"]
[White "Aronian,L"]
[Black "Nakamura,Hi"]
[Result "0-1"]
[WhiteElo "2735"]
[BlackElo "2768"]

1.e4 e5 2.Bc4 Nf6 3.Nc3 Bb4 4.d3 c6 5.Bd2 d5 6.Bb3 O-O 7.Nf3 Bg4 8.h3 Bxf3
9.Qxf3 d4 10.Nb1 Qa5 11.c3 dxc3 12.bxc3 Be7 13.O-O Nbd7 14.Rd1 Nc5 15.Bc2 Ne6
16.a4 Rad8 17.g3 b5 18.Qe2 b4 19.Qe1 Rb8 20.Kg2 b3  0-1

[Event "chess.com SpeedChess 2022"]
[Site "chess.com INT"]
[Date "2022.12.12"]
[Round "2.25"]
[White "Nakamura,Hi"]
[Black "Aronian,L"]
[Result "1-0"]
[WhiteElo "2768"]
[BlackElo "2735"]

1.e4 c5 2.Nf3 d6 3.d4 cxd4 4.Qxd4 Nc6 5.Bb5 Bd7 6.Bxc6 Bxc6 7.Nc3 Nf6 8.Bg5 h6
9.Bxf6 gxf6 10.O-O-O h5 11.Qd3 Bh6+ 12.Kb1 Bf4 13.Nd5 Be5 14.Nd2 Bxd5 15.Qxd5 Rc8
16.Rdf1 Qc7 17.Qd3 Bf4 18.Nb3 Qc4 19.g3 Bh6 20.f4 Qxd3 21.cxd3 Kd7 22.Nd4 e6
23.Rf2 Rc5 24.Rc1 Rhc8 25.Rxc5 dxc5 26.Nc2 c4 27.d4 b5 28.Ne3 Bf8 29.Rc2 a5
30.a4 b4 31.Nxc4 Rb8 32.b3 Be7 33.Nxa5 Bd8 34.Nc6  1-0

[Event "chess.com SpeedChess 2022"]
[Site "chess.com INT"]
[Date "2022.12.12"]
[Round "2.22"]
[White "Aronian,L"]
[Black "Nakamura,Hi"]
[Result "0-1"]
[WhiteElo "2735"]
[BlackElo "2768"]

1.e4 e5 2.Bc4 Nf6 3.Nc3 Bb4 4.Nge2 Nxe4 5.Bxf7+ Kxf7 6.Nxe4 d5 7.N4g3 Rf8
8.O-O Nc6 9.d4 exd4 10.Nxd4 Kg8 11.c3 Be7 12.Re1 Nxd4 13.Qxd4 Bf6 14.Qd3 b6
15.Bf4 c5 16.Nh5 Bb7 17.Qg3 Kh8 18.Re6 Qd7 19.Rd6 Qf5 20.Nxf6 Rxf6 21.Rxf6 Qxf6
22.Re1 h6 23.Be5 Qf7 24.Bxg7+ Kh7 25.Be5 Rg8 26.Qd3+ Qg6 27.Qxg6+ Kxg6 28.Bf4 d4
29.cxd4 cxd4 30.f3 Kf5 31.Bg3 Rc8 32.Re7 Rc1+ 33.Kf2 Ba6 34.Bh4 Rc2+ 35.Kg1 d3
36.Rd7 d2  0-1

[Event "chess.com SpeedChess 2022"]
[Site "chess.com INT"]
[Date "2022.12.12"]
[Round "2.27"]
[White "Nakamura,Hi"]
[Black "Aronian,L"]
[Result "0-1"]
[WhiteElo "2768"]
[BlackElo "2735"]

1.Nf3 d5 2.b3 c5 3.Bb2 Nc6 4.e3 Nf6 5.Bb5 Bd7 6.O-O g6 7.c4 dxc4 8.bxc4 Bg7
9.d4 cxd4 10.exd4 O-O 11.d5 Na5 12.Bxd7 Nxc4 13.Bxf6 Bxf6 14.Bb5 Nd6 15.Na3 Bxa1
16.Qxa1 Qa5 17.Qb2 Rfc8 18.Nd2 Qc3 19.Qxc3 Rxc3 20.Ndb1 Rc5 21.Ba4 b5 22.Bb3 a5
23.Nd2 a4 24.Bd1 Rxd5 25.Nab1 Rc8 26.a3 Rd4 27.Bf3 Rc2 28.Re1 Rdxd2 29.Nxd2 Rxd2
30.Rxe7 Ra2 31.h4 Rxa3 32.Rd7 Rd3 33.Be2 Rd4 34.h5 Kg7 35.g4 gxh5 36.g5 h6
37.Bxh5 hxg5 38.Kf1 a3 39.Bxf7 Nxf7 40.Rxd4 a2 41.Rd1 b4 42.Ke2 b3 43.Kf3 b2
44.Kg3 b1=Q 45.Rd7 a1=Q 46.Kg2 Qg1+ 47.Kf3 Qc3+ 48.Ke4 Qg4+ 49.f4 Qe6+  0-1

[Event "chess.com SpeedChess 2022"]
[Site "chess.com INT"]
[Date "2022.12.12"]
[Round "2.28"]
[White "Aronian,L"]
[Black "Nakamura,Hi"]
[Result "1/2-1/2"]
[WhiteElo "2735"]
[BlackElo "2768"]

1.e4 e5 2.Bc4 Nf6 3.Nc3 Bb4 4.Nd5 Nxd5 5.Bxd5 c6 6.Bb3 Na6 7.Qh5 O-O 8.Nf3 d5
9.exd5 e4 10.Nd4 g6 11.Qe2 Bc5 12.c3 Bxd4 13.cxd4 cxd5 14.d3 exd3 15.Qxd3 Nb4
16.Qc3 Qe7+ 17.Be3 Bf5 18.O-O Rfc8 19.Qd2 Nc2 20.Rac1 Nxe3 21.Rxc8+ Rxc8
22.Re1 Be6 23.Rxe3 Qg5 24.g3 h5 25.h4 Qf5 26.Re1 b6 27.Qe3 a5 28.a3 Qf6 29.Qe5 Kg7
30.Qxf6+ Kxf6 31.Kf1 b5 32.Re5 Rc1+ 33.Re1 Rc7 34.Re5 Rc1+ 35.Re1 Rc6 36.Re5 Rd6
37.Ke1 Ke7 38.Kd2 Kd7 39.Re3 Rb6 40.Bd1 b4 41.a4 Kd6 42.Be2 Bd7 43.b3 f6
44.Bd3 f5 45.Re1 Rb8 46.Rc1 Rc8 47.Rxc8 Bxc8 48.Ke3 Ke6 49.Kf4 Kf6 50.Bb5 Be6
51.Bc6 Bf7 52.Bd7 Bg8 53.Be8 Be6 54.Bc6 Bg8 55.f3 Be6 56.Be8 Bc8 57.Bc6 Be6
58.Bb5 Bf7 59.Bd7 Bg8 60.g4 fxg4 61.fxg4 hxg4 62.Bxg4 Bf7 63.Bf3 Be6 64.Bg2 Bf7
65.Bf3 Be6 66.Bg2 Bg8 67.Bf3 Bf7 68.Bg2 Be6 69.Bf3 Bf7 70.Bg2 Be6 71.Bf3 Bf7  1/2-1/2

[Event "chess.com SpeedChess 2022"]
[Site "chess.com INT"]
[Date "2022.12.12"]
[Round "2.29"]
[White "Nakamura,Hi"]
[Black "Aronian,L"]
[Result "1/2-1/2"]
[WhiteElo "2768"]
[BlackElo "2735"]

1.e4 c5 2.Nf3 d6 3.d4 cxd4 4.Qxd4 Nc6 5.Bb5 Bd7 6.Bxc6 Bxc6 7.Nc3 Nf6 8.Bg5 e6
9.Qd3 Qa5 10.O-O-O Nd7 11.h4 Rc8 12.Nd4 Ne5 13.Qe2 Bd7 14.Rh3 Nc4 15.Nb3 Qa6
16.Kb1 b5 17.a3 Qb6 18.Be3 Nxe3 19.Rxe3 a5 20.Qh5 Be7 21.Qg4 g6 22.h5 b4
23.axb4 a4 24.Nc1 Qxb4 25.N3a2 Qb6 26.hxg6 hxg6 27.e5 dxe5 28.Nd3 Rh4 29.Qg3 Qc7
30.Re2 Rd4 31.Rh1 Bf6 32.c3 e4 33.Qxc7 Rxc7 34.cxd4 exd3 35.Rd2 Bb5 36.Nc3 Bc4
37.Ne4 Be7 38.Rc1 Ba2+ 39.Kxa2 Rxc1 40.Rxd3 Rc2 41.Rd2 Rxd2 42.Nxd2 Kd7 43.b3 axb3+
44.Kxb3 Kd6 45.Kc4 Kd7 46.Nf3 Bd6 47.Ng5 Ke7 48.Ne4 Bf4 49.Nc3 Bd2 50.Ne4 Be1
51.f3 f5 52.Nc5 Bg3 53.Nd3 Kd6 54.Nb2 e5 55.dxe5+ Bxe5 56.Nd3 Ke6 57.Kc5 Bc3
58.Nf4+ Kf7 59.Kd6 Bd2 60.Nd3 Bc3 61.Kd5 Kf6 62.Kc4 Ba1 63.Nc5 Kg5 64.Kd3 Kf4
65.Ke2 Kg3 66.Kf1 g5 67.Nb3 Bc3 68.Nc1 Be5 69.Ne2+ Kh4 70.Kf2 g4 71.f4 Bf6
72.Ke3 Kh5 73.Kd3 Kg6 74.Kc4 Bb2 75.Kd5 Kf6 76.Kc4 Ba3 77.Nc3 Bc1 78.Ne2 Ba3
79.Kd4 Bb2+ 80.Ke3 Ba3 81.Kf2 Bc5+ 82.Kg3 Be3 83.Nc3 Bd2 84.Ne2 Be1+ 85.Kh2 Bf2
86.g3 Ke6 87.Kg2 Bc5 88.Nc3 Bd4 89.Nb5 Kd5 90.Nc7+ Kd6 91.Nb5+ Kd5 92.Nc7+ Kd6
93.Nb5+ Kc5 94.Nc7 Kd6  1/2-1/2

[Event "chess.com SpeedChess 2022"]
[Site "chess.com INT"]
[Date "2022.12.12"]
[Round "2.31"]
[White "Aronian,L"]
[Black "Nakamura,Hi"]
[Result "1/2-1/2"]
[WhiteElo "2735"]
[BlackElo "2768"]

1.d4 Nf6 2.Nf3 d5 3.Bf4 Bf5 4.c4 e6 5.Qb3 Nc6 6.c5 Na5 7.Qa4+ c6 8.e3 b5
9.Qd1 Nc4 10.Qc1 Qa5+ 11.Qc3 b4 12.Qc1 Bxb1 13.Rxb1 b3+ 14.Qc3 bxa2 15.Ra1 Qxc3+
16.bxc3 Ne4 17.Bxc4 dxc4 18.Rxa2 a5 19.Ra3 f6 20.Nd2 Nxd2 21.Kxd2 e5 22.Bg3 Be7
23.Rha1 Bd8 24.Ra4 Bc7 25.Rxc4 Kd7 26.Rca4 h5 27.h4 Rhb8 28.Kc2 Rb7 29.Rb1 Rxb1
30.Kxb1 Ke6 31.Kc2 Rb8 32.f3 Rd8 33.Be1 g5 34.e4 Rg8 35.hxg5 Rxg5 36.g3 exd4
37.cxd4 Bxg3 38.Bxg3 Rxg3 39.Rxa5 h4 40.Ra6 h3 41.d5+ Ke5 42.Ra8 cxd5 43.c6 h2
44.Rh8 Rg7 45.Rh5+ Kd6 46.exd5 Rg2+ 47.Kd3 Rf2 48.Ke4 Re2+ 49.Kf4 Rd2 50.Rh7 Rxd5
51.Rxh2 Kxc6 52.Rh6 Kd6 53.Rxf6+ Ke7 54.Rf5 Rd1 55.Kg5 Rg1+ 56.Kh6 Ke6 57.Rf4 Rg3
58.Kh5 Ke7 59.Kh4 Rg1 60.Rg4 Rf1 61.Rf4 Rg1 62.Rf5 Ke6 63.Rf8 Ke7 64.Rf4 Ke6
65.Rg4 Rf1 66.Rf4 Rg1 67.Kh5 Ke7 68.Rg4 Rf1 69.Rg3 Kf6 70.Kg4 Ra1 71.f4 Ra5
72.Rb3 Kg6 73.Rb6+ Kf7 74.f5 Ra1 75.Kg5 Rg1+ 76.Kf4 Rf1+ 77.Kg5 Rg1+ 78.Kf4 Rf1+
79.Kg5 Rg1+  1/2-1/2